|
|
|
|
| LEADER |
00000ny a22000003n 4500 |
| 005 |
20110511145056.0 |
| 008 |
091016c19uu9999us r p s 0000a0eng d |
| 022 |
|
|
|a 1556-6706
|
| 035 |
|
|
|a 3088
|
| 040 |
|
|
|a BUS
|d vLex
|
| 090 |
|
|
|c 1708
|d 1708
|
| 245 |
3 |
0 |
|a Scientia Magna
|h [Recurso electrn̤ico]
|
| 256 |
|
|
|a Servicio en ln̕ea
|
| 260 |
|
|
|a [S.l.] :
|b Xi'an University
|
| 506 |
1 |
|
|a Contenido solo disponible en los productos indicados
|d vLex Global
|d vLex Global (Academic Edition, excluding Law Schools)
|d vLex Global (Academic Edition, Law Schools)
|
| 650 |
0 |
4 |
|a Nm︢eros algebraicos, Teora̕ de
|x Publicaciones perid̤icas
|
| 740 |
|
|
|a vLex Revista (Servicios en ln̕ea)
|
| 843 |
|
|
|a Electrn̤ica. Abierta
|
| 853 |
|
|
|8 1
|i (year)
|j (month)
|k (day)
|
| 856 |
4 |
0 |
|z Acceso restringido
|u http://vlex.com/account/login_ip?fuente_id=3088
|
| 942 |
|
|
|c REV
|
| 999 |
|
9 |
|a combinatorics
|
| 999 |
|
9 |
|a number theory
|